| 000 | 00644nam a22001337a 4500 | ||
|---|---|---|---|
| 040 | _cRUA | ||
| 082 | _aMGR MOR 2017 B469 Or.1 | ||
| 100 | _aMORN MUTH ,មន មុត | ||
| 245 | _aadoption of farmer's phka romdoul rice at champey commune, baty district, takeo province,ការទទួលយកស្រូវផ្ការំដួលរបស់កសិករនៅឃុំចំបុី ស្រុកបាទី ខេត្តតាកែវ | ||
| 260 |
_aRUA _bphnom penh _c2017 |
||
| 300 |
_axi;52p; _bill; _c29cm; |
||
| 856 | _uhttps://drive.google.com/file/d/1OutukqTkXzRNn8B1ewCcYMci2yxDlsjY/view?usp=sharing | ||
| 942 | _cNRM | ||
| 999 |
_c19241 _d19241 |
||